000
00291nam a22001337a 4500
008
170714b xxu||||| |||| 00| 0 eng d
020
_a
9780130485618
041
_a
eng
080
_a
101
100
_a
24
101
_a
FJA
245
_a
FROM PLATO TO DERRIDA
_c
BAIRD,F.E
942
_2
udc
_c
BK
999
_c
20715
_d
20715